00825nam a2200205 a 45000010005000000030005000050050017000100080041000270400020000682450182000882460088002702600015003583000011003736500036003846500038004206500038004589420013004969990015005099520095005244869CDMR20131212113149.0130130s1985||||||||||||||||||||||||||||d aCDMRbcatcCDMR 3aIl ruolo della informazione e della comunicazione a favore della comprensione internazionalebSeminario regionale europeo : Riva del Garda, Plazzo dei Congresi 3-4-5 maggio 1984 aThe role of information and communications in favour of international understanding aRomac1985 a491 p.0494399aComunicacióxCongressos0492190aComunicació internacional0492777aComunicació intercultural cMON2udc c4869d4869 00104070aCDMRbCDMRd2013-01-16l0oCa 3/8pCDMR1311612723r2013-01-16w2013-01-16yMON